000 00612nam a2200217 a 4500
001 4700
003 CO-ViMGA
008 141112s2004 ck r 000 u spa d
040 _aCO-ViMGA
_bspa
_cCO-ViMGA
082 0 4 _a791.45 H375
100 1 _aHernández Carrión, Pedro
_92819
245 1 0 _aImágen y sonido
260 _aMexico :
_bLongman,
_c1996
300 _a130 p : il
490 _aBiblioteca de recursos didácticos alhambra, 40
650 1 4 _aCAMAROGRAFOS
_955635
650 1 4 _aIMAGEN Y SONIDO
_92820
650 1 4 _aTELEVISION - TECNICAS
_92821
650 1 4 _aVIDEOS - TECNICAS
_92822
942 _2ddc
_cBK
999 _c16710
_d16710